Statystyki dla Największe państwa bez dostępu do morza

Kliknij tutaj aby rozwiązać quiz!

Ogólne statystyki

  • Ten quiz został rozwiązany 1 223 razy
    (1 189 od ostatniego zresetowania)
  • Średni wynik to 8 z 15

Statystyki odpowiedzi

PowierzchniaPaństwo% Poprawnych
1 564 000 kmMongolia
90%
1 267 000 kmNiger
73%
1 098 581 kmBoliwia
70%
1 284 000 kmCzad
69%
1 240 192 kmMali
61%
406 752 kmParagwaj
61%
652 230 kmAfganistan
55%
644 329 kmSudan Południowy
52%
447 400 kmUzbekistan
51%
1 104 300 kmEtiopia
50%
622 984 kmRepublika Środkowoafrykańska
50%
581 730 kmBotswana
49%
752 618 kmZambia
49%
236 800 kmLaos
36%
241 038 kmUganda
33%

Rozkład punktacji

Percentyl według liczby udzielonych odpowiedzi

Procent ludzi z każdym wynikiem

Twoja historia wyników

Nie rozwiązałeś tego quizu od ostatniego zresetowania